| 000 | 00479nam a22001697a 4500 | ||
|---|---|---|---|
| 003 | BD-ChCU | ||
| 005 | 20260503102148.0 | ||
| 008 | 260503b bg ||||| |||| 00| 0 ben d | ||
| 040 | _cBD-ChCU | ||
| 082 | _a909.09 TOC | ||
| 100 |
_aToynbee , Arnold . _922208 |
||
| 245 |
_aCivilization on trial and the world and the west ./ _cArnold , Toynbee. |
||
| 260 |
_aNew York : _bMeridian book , _cC 1976 |
||
| 300 | _a348p. | ||
| 650 | 0 |
_aCivilization . _922211 |
|
| 942 |
_2ddc _cBK _n0 |
||
| 999 |
_c112584 _d112584 |
||